Memorids do Instituto Oswaldo Cruz (Record no. 49329)
[ view plain ]
| 000 -LEADER | |
|---|---|
| fixed length control field | 00487cam a2200181 4500 |
| 008 - FIXED-LENGTH DATA ELEMENTS--GENERAL INFORMATION | |
| fixed length control field | 130206n 000 0 eng u |
| 022 ## - INTERNATIONAL STANDARD SERIAL NUMBER | |
| International Standard Serial Number | 00740276 |
| 035 ## - SYSTEM CONTROL NUMBER | |
| System control number | (Sirsi) a178136 |
| 050 ## - LIBRARY OF CONGRESS CALL NUMBER | |
| Classification number | R108.M4I5 |
| 245 ## - TITLE STATEMENT | |
| Title | Memorids do Instituto Oswaldo Cruz |
| 260 ## - PUBLICATION, DISTRIBUTION, ETC. | |
| Place of publication, distribution, etc. | Rio de Janeiro: |
| Name of publisher, distributor, etc. | Instituto Oswaldo, |
| Date of publication, distribution, etc. | 2009 |
| 310 ## - CURRENT PUBLICATION FREQUENCY | |
| Current publication frequency | Monthly |
| 340 ## - PHYSICAL MEDIUM | |
| Material base and configuration | Periodical |
| 362 ## - DATES OF PUBLICATION AND/OR SEQUENTIAL DESIGNATION | |
| Dates of publication and/or sequential designation | Vol.104, nos1-12 (2009)- |
| 650 ## - SUBJECT ADDED ENTRY--TOPICAL TERM | |
| Topical term or geographic name entry element | Parasitic diseases |
| 650 ## - SUBJECT ADDED ENTRY--TOPICAL TERM | |
| Topical term or geographic name entry element | Bacteriology |
| 650 ## - SUBJECT ADDED ENTRY--TOPICAL TERM | |
| Topical term or geographic name entry element | Parasitology |
No items available.